000 00312nam a2200133Ia 4500
005 20251222142029.0
008 251222s9999||||xx |||||||||||||| ||spa||
082 _a759.054/P32
100 _aPayró, Julio E.
245 0 _aEl Impresionismo en la Pintura
250 _a2a.ed.
264 _bColumba
942 _cLIB
999 _c10914
_d10914